[Event "Groeden-SG Kaltern/Tramin"]
[Site "?"]
[Date "2012.11.17"]
[Round "3.1"]
[White "Bertagnolli, Alexander"]
[Black "Demetz, Rainer"]
[Result "0-1"]
[WhiteElo "2294"]
[BlackElo "2170"]
[PlyCount "154"]
[EventDate "2012.??.??"]

1. e4 d6 2. Nc3 Nf6 3. d4 g6 4. h4 Bg7 5. Nge2 c6 6. h5 Nxh5 7. Be3 Nf6 8. f3
h5 9. Qd2 Nbd7 10. O-O-O Qa5 11. Kb1 b5 12. Nf4 Rb8 13. g4 b4 14. Nce2 hxg4 15.
Rxh8+ Bxh8 16. Bg2 g3 17. Nxg3 Ba6 18. Rh1 Bg7 19. Nh3 Nb6 20. Bf1 Bxf1 21.
Nxf1 Nc4 22. Qd3 Nxe3 23. Nxe3 Qb5 24. Nc4 Nd7 25. Nf4 d5 26. exd5 cxd5 27. Ne3
Qxd3 28. Nxd3 e6 29. Rh4 Bf6 30. Rg4 a5 31. Kc1 Ke7 32. c3 bxc3 33. bxc3 Rh8
34. Kd2 Rh1 35. Rg2 Bg7 36. Nd1 Kd6 37. N3f2 Rh8 38. Ne3 Bh6 39. Nfg4 Bf4 40.
Kd3 Rh1 41. c4 f5 42. Nf2 Re1 43. Nfd1 dxc4+ 44. Nxc4+ Ke7 45. Kc2 g5 46. Nxa5
Nb6 47. a4 Nxa4 48. Nc4 Kf6 49. Rf2 Bc7 50. Kd2 Rh1 51. Nde3 Nb6 52. Kd3 Nxc4
53. Nxc4 Rd1+ 54. Rd2 Rc1 55. Rc2 Ra1 56. Ke2 Bf4 57. Nb6 Rh1 58. d5 Rh2+ 59.
Kd1 Rh1+ 60. Ke2 exd5 61. Nxd5+ Ke5 62. Nxf4 Kxf4 63. Rc4+ Kg3 64. Rc5 Rh2+ 65.
Ke1 Kf4 66. Ra5 Rb2 67. Kf1 Rd2 68. Rb5 Rd3 69. Kg2 Re3 70. Kf2 Rxf3+ 71. Kg2
Re3 72. Kf2 Re4 73. Rb3 g4 74. Ra3 Rb4 75. Rc3 Rb2+ 76. Kg1 Kg5 77. Rc5 g3 0-1

[Event "Groeden-SG Kaltern/Tramin"]
[Site "?"]
[Date "2012.11.17"]
[Round "3.2"]
[White "Bernardi, Ruben"]
[Black "Paltrinieri, Nicholas"]
[Result "0-1"]
[WhiteElo "2102"]
[BlackElo "2119"]
[PlyCount "68"]
[EventDate "2012.??.??"]

1. e4 e6 2. d4 d5 3. exd5 exd5 4. Nf3 c5 5. g3 Nc6 6. Bg2 Bd6 7. O-O Nge7 8.
dxc5 Bxc5 9. Nbd2 a6 10. c4 O-O 11. a3 Bg4 12. cxd5 Qxd5 13. h3 Bh5 14. b4 Ba7
15. Qb3 Rad8 16. Qxd5 Rxd5 17. Nc4 b5 18. Ne3 Rd3 19. g4 Bg6 20. Nh4 Nd4 21.
Re1 Nb3 22. Nxg6 Nxg6 23. Bf1 Ne5 24. Kg2 Nxa1 25. Bb2 Rd2 26. Bxa1 Nc4 27.
Bxc4 bxc4 28. Nxc4 Rxf2+ 29. Kg3 Rc2 30. Re4 Rc8 31. Ne3 Ra2 32. Nf5 Rxa3+ 33.
Kh4 h6 34. Bxg7 Bf2+ 0-1

[Event "Groeden-SG Kaltern/Tramin"]
[Site "?"]
[Date "2012.11.17"]
[Round "3.3"]
[White "Waldner, Mirko"]
[Black "Moroder, Stephan"]
[Result "1/2-1/2"]
[WhiteElo "1836"]
[BlackElo "2083"]
[PlyCount "112"]
[EventDate "2012.??.??"]

1. d4 Nf6 2. c4 g6 3. Nc3 Bg7 4. Nf3 O-O 5. Bf4 d6 6. e3 Nbd7 7. Be2 b6 8. h3
Bb7 9. O-O a6 10. Rb1 Qe8 11. b4 e5 12. Bh2 Ne4 13. Rc1 Nxc3 14. Rxc3 a5 15. a3
axb4 16. axb4 Ra2 17. Re1 Qe7 18. d5 f5 19. c5 bxc5 20. bxc5 Nxc5 21. Rxc5 Rxe2
22. Rxe2 dxc5 23. Qb3 Ba8 24. d6+ Qf7 25. Qxf7+ Kxf7 26. Ng5+ Kg8 27. dxc7 Bb7
28. Ne6 Ra8 29. f3 Bc8 30. Nxg7 Kxg7 31. Bxe5+ Kf7 32. Rb2 Ra1+ 33. Kf2 Ke6 34.
f4 Rd1 35. Rc2 Kd5 36. Ke2 Rg1 37. Rd2+ Kc6 38. Kf2 Rc1 39. Rd6+ Kb7 40. Rd2 c4
41. Ke2 c3 42. Rd4 c2 43. Kd2 Rg1 44. Kxc2 Rxg2+ 45. Kd3 Rg3 46. Rc4 Rxh3 47.
Kd4 Rh1 48. Rc2 Rd1+ 49. Kc5 Rb1 50. Rh2 h5 51. Rg2 Rb6 52. Bd6 Be6 53. Be5 Bc8
54. Rg1 Rc6+ 55. Kd5 Be6+ 56. Kd4 Bc8 1/2-1/2

[Event "Groeden-SG Kaltern/Tramin"]
[Site "?"]
[Date "2012.11.17"]
[Round "3.4"]
[White "Oberrauch, Martin"]
[Black "Bertagnolli, Gerhard"]
[Result "1-0"]
[WhiteElo "2027"]
[BlackElo "1923"]
[PlyCount "53"]
[EventDate "2012.??.??"]

1. e4 c5 2. d3 Nc6 3. f4 d6 4. Nf3 g6 5. g3 Bg7 6. Bg2 Bg4 7. Nbd2 Qc8 8. h3
Bd7 9. c3 b5 10. Qe2 b4 11. c4 e6 12. O-O Nge7 13. Kh2 O-O 14. Re1 Qc7 15. Nf1
Rad8 16. Ne3 Bc8 17. Rb1 d5 18. cxd5 exd5 19. e5 Ba6 20. Rd1 Rfe8 21. Qf2 f6
22. exf6 Bxf6 23. Ng4 Bg7 24. Qxc5 Nf5 25. Nfe5 Bxe5 26. fxe5 Kg7 27. Bg5 1-0

[Event "Groeden-SG Kaltern/Tramin"]
[Site "?"]
[Date "2012.11.17"]
[Round "3.5"]
[White "Sinner, Armin"]
[Black "Moroder, Thomas"]
[Result "0-1"]
[WhiteElo "1608"]
[BlackElo "1894"]
[PlyCount "64"]
[EventDate "2012.??.??"]

1. e4 c5 2. Nf3 d6 3. d4 cxd4 4. Nxd4 Nf6 5. Nc3 a6 6. Bg5 e6 7. f4 Qb6 8. Qd2
Qxb2 9. Rb1 Qa3 10. Be2 Nc6 11. Nxc6 bxc6 12. O-O Be7 13. e5 dxe5 14. fxe5 Qc5+
15. Kh1 Qxe5 16. Bf4 Qc5 17. Rfd1 Nd5 18. Nxd5 cxd5 19. c4 O-O 20. cxd5 exd5
21. Qxd5 Qxd5 22. Rxd5 Be6 23. Ra5 h6 24. Rxa6 Bxa2 25. Rxa8 Rxa8 26. Ra1 Bf6
27. Rf1 Be6 28. Bxh6 Ra2 29. Bd3 Bd5 30. Rc1 gxh6 31. Rc8+ Kg7 32. Rc1 Bxg2+
0-1

[Event "Groeden-SG Kaltern/Tramin"]
[Site "?"]
[Date "2012.11.17"]
[Round "3.6"]
[White "Prinoth, Franz"]
[Black "Thaler, Elmar"]
[Result "0-1"]
[WhiteElo "1772"]
[BlackElo "1721"]
[PlyCount "62"]
[EventDate "2012.??.??"]

1. d4 d5 2. Nf3 Nf6 3. Bf4 c6 4. e3 Bg4 5. Nbd2 e6 6. h3 Bh5 7. Be2 Bd6 8. Ne5
Bxe2 9. Qxe2 Qc7 10. O-O O-O 11. c4 Nbd7 12. Ndf3 Nh5 13. Bh2 dxc4 14. Nxd7
Qxd7 15. Ne5 Bxe5 16. Bxe5 Nf6 17. Bxf6 gxf6 18. Qxc4 a5 19. Qc5 Kh8 20. Rab1
Rg8 21. Qh5 Rg5 22. Qh6 Rg6 23. Qh4 Qd5 24. e4 Qxd4 25. Rbd1 Qxb2 26. Rd7 Rag8
27. Rxf7 Rxg2+ 28. Kh1 R2g7 29. Rxf6 Qe5 30. Rh6 c5 31. Re1 Qc3 0-1

[Event "J. Richter/LASK BZ-SK Gries"]
[Site "?"]
[Date "2012.11.17"]
[Round "3.1"]
[White "Spornberger, Maximilian"]
[Black "Scharrer, Patrick"]
[Result "1-0"]
[WhiteElo "2222"]
[BlackElo "2297"]
[PlyCount "75"]
[EventDate "2012.??.??"]

1. e4 c5 2. c3 Nf6 3. e5 Nd5 4. d4 cxd4 5. cxd4 Nc6 6. Nf3 d6 7. Bc4 e6 8. O-O
Be7 9. Qe2 O-O 10. Qe4 dxe5 11. dxe5 Qc7 12. a3 b6 13. Re1 Bb7 14. Bd3 g6 15.
Bh6 Rfd8 16. Nbd2 Ndb4 17. axb4 Nxb4 18. Qc4 Qxc4 19. Bxc4 Nc2 20. Rec1 Nxa1
21. Rxa1 a6 22. Be3 b5 23. Bb3 Rac8 24. Kf1 Bb4 25. Ke2 Rd7 26. Ng5 a5 27. Nde4
Bxe4 28. Nxe4 Kg7 29. Rd1 Rxd1 30. Bxd1 a4 31. Nd6 Bxd6 32. exd6 Rc6 33. Bf4
Rc8 34. Kd2 f6 35. Be2 e5 36. Be3 f5 37. Bxb5 Rb8 38. d7 1-0

[Event "J. Richter/LASK BZ-SK Gries"]
[Site "?"]
[Date "2012.11.17"]
[Round "3.2"]
[White "Moncher, Stefano"]
[Black "Spornberger, Andre"]
[Result "1-0"]
[WhiteElo "2182"]
[BlackElo "2048"]
[PlyCount "105"]
[EventDate "2012.??.??"]

1. f4 d5 2. Nf3 Bg4 3. e3 Nd7 4. Be2 Ngf6 5. O-O Bxf3 6. Bxf3 e5 7. d3 e4 8.
Be2 Bc5 9. d4 Bd6 10. c4 dxc4 11. Bxc4 Nb6 12. Bb3 c6 13. Nc3 O-O 14. Bd2 Qe7
15. Be1 Nfd5 16. Bxd5 Nxd5 17. Nxd5 cxd5 18. Qb3 Rad8 19. Rc1 b6 20. Bg3 Qb7
21. Rc2 Rc8 22. Rfc1 h6 23. a3 Rfd8 24. h3 Rxc2 25. Qxc2 Rd7 26. Qc6 Qxc6 27.
Rxc6 f6 28. Kh2 Kf7 29. f5 Be7 30. Bf4 g5 31. fxg6+ Kxg6 32. Kg3 Bf8 33. Kh4
Bg7 34. a4 Bf8 35. g4 Bb4 36. Kg3 Be1+ 37. Kg2 Bb4 38. h4 Be7 39. h5+ Kg7 40.
Kf1 Bf8 41. Ke2 Rf7 42. Kd2 Kh7 43. Kc3 Be7 44. Rc7 Rg7 45. b4 a5 46. b5 Kg8
47. Kc2 Kf7 48. Bxh6 Rxg4 49. Bf4 Ke8 50. h6 Rh4 51. Rb7 Bd8 52. Kd1 f5 53. h7
1-0

[Event "J. Richter/LASK BZ-SK Gries"]
[Site "?"]
[Date "2012.11.17"]
[Round "3.4"]
[White "Kowalczyk, Martin"]
[Black "Paulmichl, Martin"]
[Result "0-1"]
[WhiteElo "1887"]
[BlackElo "1953"]
[PlyCount "96"]
[EventDate "2012.??.??"]

1. e4 e6 2. d3 d5 3. Nd2 Nf6 4. Ngf3 g6 5. g3 Bg7 6. Bg2 O-O 7. O-O c5 8. Qe2
Nc6 9. c3 b5 10. Re1 Bb7 11. h3 Rc8 12. Nf1 b4 13. e5 Nd7 14. d4 cxd4 15. cxd4
Qb6 16. Be3 a5 17. Rec1 a4 18. N1h2 Ba6 19. Qd2 Na5 20. Ng4 Nc4 21. Rxc4 Bxc4
22. Bh6 f5 23. exf6 Nxf6 24. Bxg7 Kxg7 25. Qh6+ Kg8 26. Ng5 Qa7 27. Nxe6 Nxg4
28. hxg4 Rfe8 29. Ng5 Rc7 30. Nf3 Re2 31. Bf1 Rxb2 32. Bxc4 dxc4 33. Qg5 Re2
34. Qd5+ Kg7 35. Ne5 Qb7 36. Qd6 Re7 37. g5 c3 38. Rf1 c2 39. Qf6+ Kg8 40. Ng4
Rf7 41. Nh6+ Kf8 42. Qh8+ Ke7 43. Nxf7 Qf3 44. Ne5 Qxf2+ 45. Rxf2 c1=Q+ 46. Rf1
Qe3+ 47. Kh1 Qe4+ 48. Rf3 Qb1+ 0-1

[Event "J. Richter/LASK BZ-SK Gries"]
[Site "?"]
[Date "2012.11.17"]
[Round "3.5"]
[White "Niederstaetter, Harald"]
[Black "Muscolino, Attilio"]
[Result "1-0"]
[WhiteElo "1930"]
[BlackElo "1735"]
[PlyCount "53"]
[EventDate "2012.??.??"]

1. d4 Nf6 2. Nf3 g6 3. e3 Bg7 4. c4 O-O 5. Be2 c5 6. O-O cxd4 7. exd4 d5 8. c5
Nc6 9. Nc3 b6 10. Bb5 Bb7 11. Bxc6 Bxc6 12. Ne5 Rc8 13. b4 Ba8 14. Bf4 Nd7 15.
Re1 e6 16. Qa4 Nxe5 17. Bxe5 Bxe5 18. Rxe5 bxc5 19. bxc5 Rc6 20. Re2 Qh4 21.
Rb1 Qg4 22. Rb4 Qg5 23. Re3 Rxc5 24. h4 Qg4 25. dxc5 d4 26. Rg3 Qf4 27. Rxd4
1-0

[Event "J. Richter/LASK BZ-SK Gries"]
[Site "?"]
[Date "2012.11.17"]
[Round "3.6"]
[White "Mumelter, Igor"]
[Black "Zammarchi, Massimo"]
[Result "0-1"]
[WhiteElo "1821"]
[BlackElo "1900"]
[PlyCount "83"]
[EventDate "2012.??.??"]

1. e4 e5 2. Nf3 Nc6 3. Bb5 a6 4. Ba4 Nf6 5. O-O Be7 6. Re1 b5 7. Bb3 O-O 8. c3
d5 9. exd5 Nxd5 10. Nxe5 Nxe5 11. Rxe5 Nf6 12. d4 Bd6 13. Re1 Ng4 14. h3 Qh4
15. Qf3 h5 16. Be3 Nxe3 17. Rxe3 Qf4 18. Qxf4 Bxf4 19. Re2 Bf5 20. Na3 Rfe8 21.
Rae1 Rxe2 22. Rxe2 Kf8 23. Nc2 Bc1 24. Re5 Bg6 25. Ne3 Bxb2 26. Rc5 Ra7 27. Nd5
Be4 28. Rxc7 Rxc7 29. Nxc7 Bxc3 30. d5 Ke7 31. f3 Bd4+ 32. Kf1 Bd3+ 33. Ke1 a5
34. Kd2 Bf1 35. g4 a4 36. Bc2 Kd6 37. Na6 Kxd5 38. Nb4+ Kc4 39. Bd3+ Bxd3 40.
Nxd3 hxg4 41. hxg4 b4 42. g5 0-1

[Event "J. Richter/Lask BZ II-Brixen/Milland"]
[Site "?"]
[Date "2012.11.17"]
[Round "3.1"]
[White "Sader, Michael"]
[Black "Casadio, Lorenzo"]
[Result "1-0"]
[WhiteElo "2169"]
[BlackElo "1671"]
[PlyCount "65"]
[EventDate "2012.??.??"]

1. Nf3 d5 2. c4 c6 3. e3 Nf6 4. Qc2 Bg4 5. Ne5 Bh5 6. cxd5 Qxd5 7. f4 e6 8. Nc3
Qa5 9. a3 Be7 10. b4 Qc7 11. Bb2 O-O 12. Ne2 Nbd7 13. Ng3 Bg6 14. Nxg6 hxg6 15.
h4 Nd5 16. Ne4 N7f6 17. Ng5 Ng4 18. g3 Rfd8 19. Bh3 Ngxe3 20. dxe3 Nxe3 21. Qe2
Qb6 22. Rc1 a5 23. b5 cxb5 24. h5 Rac8 25. Rxc8 Rxc8 26. hxg6 Nc2+ 27. Kf1 Qe3
28. gxf7+ Kf8 29. Qxe3 Nxe3+ 30. Ke2 Rc2+ 31. Kxe3 Rxb2 32. Bxe6 Bxg5 33. fxg5
1-0

[Event "J. Richter/Lask BZ II-Brixen/Milland"]
[Site "?"]
[Date "2012.11.17"]
[Round "3.2"]
[White "Giuliano, Arturo"]
[Black "Brenninger, Daniel"]
[Result "0-1"]
[WhiteElo "1735"]
[BlackElo "2056"]
[PlyCount "130"]
[EventDate "2012.??.??"]

1. e4 Nf6 2. e5 Nd5 3. d4 d6 4. c4 Nb6 5. f4 dxe5 6. fxe5 Nc6 7. Nf3 Bg4 8. Be3
e6 9. Be2 Qd7 10. O-O O-O-O 11. Nc3 Bxf3 12. Rxf3 Nxd4 13. Bxd4 Qxd4+ 14. Qxd4
Rxd4 15. Rxf7 Bc5 16. Kh1 Nd7 17. Rxg7 Nxe5 18. b4 Bxb4 19. Rxc7+ Kxc7 20. Nb5+
Kd7 21. Nxd4 Bc5 22. Nb3 Be3 23. Rd1+ Ke7 24. h3 Rc8 25. Re1 Bf2 26. Rc1 b6 27.
a4 Rd8 28. g4 Nd3 29. Rd1 Nf4 30. Rxd8 Kxd8 31. Bf3 Ke7 32. Nd2 Be1 33. Ne4
Nxh3 34. Kg2 Nf4+ 35. Kf1 Bb4 36. g5 Nd3 37. Nf6 Ne5 38. Be4 Nxc4 39. Bxh7 Nd6
40. Nh5 Nf5 41. Ke2 Bc3 42. Kd3 Bb2 43. Ke4 Nd6+ 44. Kf4 e5+ 45. Kg4 e4 46. g6
Kf8 47. Kf4 a6 48. g7+ Bxg7 49. Nxg7 Kxg7 50. Bxe4 Kf6 51. Bd5 Ke7 52. Ke5 Kd7
53. Kd4 Kc7 54. Bc4 Nxc4 55. Kxc4 Kc6 56. Kd4 Kd6 57. Kc4 Ke5 58. a5 b5+ 59.
Kc5 Ke6 60. Kb6 b4 61. Kxa6 b3 62. Ka7 b2 63. a6 b1=Q 64. Ka8 Qc2 65. a7 Qc8#
0-1

[Event "J. Richter/Lask BZ II-Brixen/Milland"]
[Site "?"]
[Date "2012.11.17"]
[Round "3.3"]
[White "Kofler, Thomas"]
[Black "Hermeter, Walter"]
[Result "1-0"]
[WhiteElo "1960"]
[BlackElo "1660"]
[PlyCount "127"]
[EventDate "2012.??.??"]

1. e4 c5 2. Nf3 Nc6 3. Nc3 d6 4. d4 cxd4 5. Nxd4 Nf6 6. Bg5 g6 7. Bxf6 exf6 8.
Nd5 Bg7 9. c3 O-O 10. Be2 Re8 11. f3 Nxd4 12. Qxd4 f5 13. Qc4 fxe4 14. Nc7 Be6
15. Nxe6 Rxe6 16. fxe4 Qh4+ 17. g3 Qxe4 18. Qxe4 Rxe4 19. Kf2 Re7 20. Rad1 Be5
21. Rd5 Rae8 22. Bb5 Rc8 23. Be2 f5 24. Kg2 Kg7 25. Bf3 b6 26. a4 Rc4 27. Ra1
Kf6 28. a5 Rc5 29. axb6 axb6 30. Ra6 Ke6 31. Rd2 b5 32. Rb6 Rec7 33. Be2 Ra7
34. Rxb5 Rxb5 35. Bxb5 Ke7 36. Bc4 Rc7 37. Bd5 Rc8 38. Kf3 Rb8 39. Ke2 f4 40.
g4 Kf6 41. h4 h6 42. Kd3 g5 43. h5 Rb5 44. Bf3 Ke6 45. b4 Rb8 46. Ra2 Rb6 47.
Ra7 Rb8 48. Be4 Rf8 49. c4 Rb8 50. b5 Bf6 51. Bc6 Be7 52. Ke4 Rf8 53. b6 d5+
54. cxd5+ Kd6 55. Kf3 Rb8 56. Rd7+ Kc5 57. Rxe7 Rxb6 58. Rb7 Ra6 59. Rb3 Ra1
60. Rd3 Kd6 61. Ke4 Re1+ 62. Kf5 Rg1 63. Rd2 Rg3 64. Re2 1-0

[Event "J. Richter/Lask BZ II-Brixen/Milland"]
[Site "?"]
[Date "2012.11.17"]
[Round "3.4"]
[White "Bonseri, Sergio"]
[Black "Kofler, Oswald"]
[Result "1/2-1/2"]
[WhiteElo "1710"]
[BlackElo "1858"]
[PlyCount "77"]
[EventDate "2012.??.??"]

1. e4 g6 2. d4 Bg7 3. Nf3 d6 4. Bd3 e5 5. dxe5 dxe5 6. Nc3 c6 7. Be3 Be6 8. Ng5
Qe7 9. Qe2 Nf6 10. Nxe6 Qxe6 11. Bc4 Qe7 12. f3 Nbd7 13. O-O-O b5 14. Bb3 Nc5
15. a3 Nxb3+ 16. cxb3 O-O 17. b4 Rfd8 18. Rxd8+ Rxd8 19. Rd1 Rd7 20. Bc5 Qe6
21. Kc2 Nh5 22. g3 Bh6 23. Rd3 Bf8 24. Bxf8 Kxf8 25. Qd2 Rxd3 26. Qxd3 Qf6 27.
Nb1 Ng7 28. Nd2 Ne6 29. Qd6+ Kg7 30. Kc3 Nd4 31. Qxf6+ Kxf6 32. Kd3 Ke6 33. Ke3
f5 34. f4 Kd6 35. fxe5+ Kxe5 36. exf5 Nxf5+ 37. Kd3 Nd4 38. Ke3 Nc2+ 39. Kd3
1/2-1/2

[Event "J. Richter/Lask BZ II-Brixen/Milland"]
[Site "?"]
[Date "2012.11.17"]
[Round "3.5"]
[White "Wisthaler, Lukas"]
[Black "Anrather, Eva"]
[Result "1-0"]
[WhiteElo "1822"]
[BlackElo "1395"]
[PlyCount "87"]
[EventDate "2012.??.??"]

1. e4 e5 2. Nf3 d6 3. Bc4 Be7 4. d4 exd4 5. Nxd4 Nf6 6. Nc3 O-O 7. O-O Bg4 8.
f3 Bh5 9. Nf5 Nfd7 10. Nxe7+ Qxe7 11. Nd5 Qd8 12. Be3 Ne5 13. Bb3 h6 14. Nf4
Bg6 15. Nxg6 Nxg6 16. Qd2 Kh8 17. Bxh6 f5 18. Bg5 Qe8 19. exf5 Rxf5 20. Rae1
Qc6 21. f4 Qc5+ 22. Kh1 Nd7 23. Be6 Rxg5 24. fxg5 Nde5 25. Qf2 Qxf2 26. Rxf2
Nf8 27. Bf5 g6 28. Be4 c6 29. Rf6 Rd8 30. h4 Kg7 31. Ra1 d5 32. Bd3 Ng4 33. Rf4
Ne5 34. Re1 Nfd7 35. Be2 Rh8 36. g3 Nc5 37. Bf3 Nxf3 38. Rxf3 Ne4 39. Kg2 Rd8
40. c4 Rd7 41. cxd5 cxd5 42. Rd3 Nc5 43. Rd4 Kf7 44. Re5 1-0

[Event "J. Richter/Lask BZ II-Brixen/Milland"]
[Site "?"]
[Date "2012.11.17"]
[Round "3.6"]
[White "Gruber, Martin"]
[Black "Del Piero, Flavio"]
[Result "1/2-1/2"]
[WhiteElo "1609"]
[BlackElo "1759"]
[PlyCount "102"]
[EventDate "2012.??.??"]

1. e4 c5 2. Nf3 d6 3. Bb5+ Bd7 4. Qe2 Nc6 5. O-O Nf6 6. d3 e6 7. Nc3 Be7 8. h3
O-O 9. Re1 a6 10. Bxc6 Bxc6 11. Bg5 b5 12. e5 dxe5 13. Nxe5 Bb7 14. Ng4 b4 15.
Nxf6+ Bxf6 16. Bxf6 Qxf6 17. Nd1 Rfd8 18. Qe5 Qg6 19. Ne3 Rac8 20. g3 h6 21.
Nc4 Rd5 22. Qe4 Qxe4 23. Rxe4 Rcd8 24. Re5 Rxe5 25. Nxe5 f6 26. Nc4 Kf7 27. Re1
e5 28. h4 Rd4 29. Nd2 Ke6 30. f4 Bd5 31. b3 Kf5 32. fxe5 fxe5 33. Kf2 e4 34.
dxe4+ Bxe4 35. Ke3 Bxc2 36. Rc1 Rd3+ 37. Ke2 Rc3 38. Kf2 Kg4 39. Nf1 Bg6 40.
Ne3+ Kh5 41. Rd1 Bd3 42. Rh1 c4 43. Nd5 Rc2+ 44. Kf3 Kg6 45. Nxb4 Rb2 46. Nxd3
cxd3 47. Rd1 Rxa2 48. Rxd3 a5 49. g4 a4 50. Rd6+ Kf7 51. bxa4 Rxa4 1/2-1/2

[Event "SC Lana-ASD Arci Scacchi II"]
[Site "?"]
[Date "2012.11.17"]
[Round "3.1"]
[White "Carozza, Gregorio"]
[Black "Hoelzl, Matthias"]
[Result "0-1"]
[WhiteElo "1662"]
[BlackElo "1709"]
[PlyCount "100"]
[EventDate "2012.??.??"]

1. e4 c5 2. Nf3 d6 3. d4 cxd4 4. Nxd4 Nf6 5. Nc3 g6 6. Be3 Bg7 7. f3 Nc6 8. Bd3
O-O 9. Qd2 Ne5 10. Be2 Bd7 11. O-O-O Rc8 12. g4 Nc4 13. Bxc4 Rxc4 14. h4 h5 15.
gxh5 Nxh5 16. Nde2 Qa5 17. Kb1 Rfc8 18. Nd5 Qxd2 19. Rxd2 Kf8 20. c3 b6 21. Rg1
e6 22. Ndf4 Nxf4 23. Bxf4 e5 24. Be3 R4c6 25. Rgd1 Bf6 26. Bf2 Ke7 27. Rh1 Rh8
28. b3 a6 29. Kb2 b5 30. a3 Be6 31. Nc1 Rcc8 32. Rhd1 Rcd8 33. Rh1 d5 34. Bc5+
Ke8 35. exd5 Rxd5 36. Rxd5 Bxd5 37. Rd1 Bxf3 38. Rd6 Be7 39. Rb6 Bd8 40. Rxa6
Rxh4 41. a4 bxa4 42. bxa4 e4 43. a5 Rh5 44. Be3 Rxa5 45. Rxa5 Bxa5 46. Nb3 Bc7
47. Nd2 f5 48. Nxf3 exf3 49. Kc2 Bg3 50. Kd2 Kd7 0-1

[Event "SC Lana-ASD Arci Scacchi II"]
[Site "?"]
[Date "2012.11.17"]
[Round "3.2"]
[White "Pichler, Norbert"]
[Black "Gasparro, Antonio"]
[Result "1-0"]
[WhiteElo "1617"]
[BlackElo "1388"]
[PlyCount "55"]
[EventDate "2012.??.??"]

1. d4 Nf6 2. c4 c5 3. d5 b5 4. b3 g6 5. Bb2 Bg7 6. Nd2 Qa5 7. Qc2 bxc4 8. bxc4
d6 9. Bc3 Qc7 10. e4 O-O 11. Bd3 Nbd7 12. f4 Nb6 13. Ngf3 Nfd7 14. O-O Bxc3 15.
Qxc3 Na4 16. Qc2 Qa5 17. Rac1 Rb8 18. Nb3 Qc7 19. Rce1 Bb7 20. e5 e6 21. dxe6
fxe6 22. Ng5 Rbe8 23. Bxg6 Re7 24. Bxh7+ Kh8 25. Re3 Ndb6 26. Rh3 Bc8 27. Qg6
Rg7 28. Qh6 1-0

[Event "SC Lana-ASD Arci Scacchi II"]
[Site "?"]
[Date "2012.11.17"]
[Round "3.3"]
[White "Olivetti, Davide"]
[Black "Kofler, Albin"]
[Result "0-1"]
[WhiteElo "1428"]
[BlackElo "1560"]
[PlyCount "138"]
[EventDate "2012.??.??"]

1. e4 c6 2. d4 d5 3. exd5 cxd5 4. c4 Nc6 5. Nc3 Nf6 6. Nf3 Bf5 7. Qb3 Na5 8.
Qa4+ Bd7 9. Qd1 dxc4 10. d5 b5 11. Qe2 a6 12. Ne4 Nxe4 13. Qxe4 Rc8 14. Be2 e6
15. Ng5 Bb4+ 16. Kf1 Qe7 17. Bg4 exd5 18. Bxd7+ Kxd7 19. Qxd5+ Ke8 20. Be3 Rd8
21. Qf3 h6 22. Ne4 Qd7 23. Nc5 Bxc5 24. Bxc5 Qd3+ 25. Kg1 Qxf3 26. Re1+ Kd7 27.
gxf3 Kc6 28. Be3 Rd5 29. Kg2 Rhd8 30. Kf1 Nb7 31. Ke2 Nc5 32. Rd1 Na4 33. Rxd5
Rxd5 34. b3 Nc3+ 35. Kf1 Rd1+ 36. Kg2 Rxh1 37. Kxh1 cxb3 38. axb3 a5 39. Bd4 b4
40. Bxg7 h5 41. Kg2 Kd5 42. Kg3 Ne2+ 43. Kh4 Nd4 44. Bxd4 Kxd4 45. Kxh5 a4 46.
bxa4 b3 47. Kg5 b2 48. h4 b1=Q 49. h5 Ke5 50. f4+ Ke4 51. Kh6 Kxf4 52. Kg7 Qf5
53. a5 Qxh5 54. f3 Qg6+ 55. Kf8 Kf5 56. f4 f6 57. a6 Qh7 58. Ke8 Ke6 59. f5+
Kd6 60. Kf8 Qxf5 61. a7 Qa5 62. a8=Q Qxa8+ 63. Kf7 f5 64. Kf6 f4 65. Kf5 f3 66.
Kf4 f2 67. Ke3 f1=Q 68. Kd2 Qh3 69. Kc1 Qa2 0-1

[Event "SC Lana-ASD Arci Scacchi II"]
[Site "?"]
[Date "2012.11.17"]
[Round "3.4"]
[White "Menghin, Karl"]
[Black "Paltrinieri, Mario"]
[Result "1-0"]
[WhiteElo "1439"]
[BlackElo "1379"]
[PlyCount "74"]
[EventDate "2012.??.??"]

1. c4 Nf6 2. d4 e5 3. dxe5 Ng4 4. Qd4 Qh4 5. Nf3 Qh5 6. Nc3 Nc6 7. Qe4 Bc5 8.
e3 Ngxe5 9. Nd5 Bb6 10. Be2 O-O 11. Bd2 d6 12. Nxb6 axb6 13. Bc3 Bf5 14. Qf4
Ng6 15. Qg3 Be6 16. Nd4 Qe5 17. f4 Qe4 18. Nxe6 fxe6 19. h4 e5 20. O-O exf4 21.
exf4 Rxf4 22. h5 Rxf1+ 23. Rxf1 Nge5 24. h6 g6 25. Qg5 Nd4 26. Qf6 Qe3+ 27. Rf2
Nxe2+ 28. Kf1 Ng3+ 29. Kg1 Qxh6 30. Qe6+ Kh8 31. Bxe5+ dxe5 32. Qxe5+ Qg7 33.
Qxg3 Rxa2 34. Qh4 h6 35. Qd8+ Kh7 36. Re2 Ra1+ 37. Kh2 Qf8 1-0

[Event "SC Lana-ASD Arci Scacchi II"]
[Site "?"]
[Date "2012.11.17"]
[Round "3.5"]
[White "Danti, Alessandro"]
[Black "Unterthurner, Walter"]
[Result "1-0"]
[WhiteElo "1369"]
[BlackElo "1341"]
[PlyCount "58"]
[EventDate "2012.??.??"]

1. d4 Nf6 2. c4 g6 3. Nc3 d5 4. Nf3 Bg7 5. Bf4 c6 6. Qc1 O-O 7. Bh6 Bg4 8. Bxg7
Kxg7 9. Ne5 Bf5 10. e3 Ne4 11. Be2 Nxc3 12. Qxc3 f6 13. Nf3 dxc4 14. Bxc4 Be4
15. Nd2 Bd5 16. Bd3 Nd7 17. h4 h5 18. Qc2 Qe8 19. Rg1 e5 20. O-O-O Rc8 21. Kb1
Nb6 22. Nb3 Qf7 23. g4 hxg4 24. Rxg4 f5 25. Rg5 e4 26. Be2 Kh6 27. Rdg1 Rg8 28.
h5 Qe7 29. hxg6 Rxg6 1-0

[Event "SC SSV Taufers-SC SSV Bruneck"]
[Site "?"]
[Date "2012.11.17"]
[Round "3.1"]
[White "Peintner, Andreas"]
[Black "Niederkofler, Andreas"]
[Result "1/2-1/2"]
[WhiteElo "1898"]
[BlackElo "1770"]
[PlyCount "68"]
[EventDate "2012.??.??"]

1. d4 Nf6 2. c4 c5 3. d5 b5 4. Nd2 bxc4 5. e4 d6 6. Bxc4 g6 7. b3 Bg7 8. Bb2
O-O 9. Ngf3 Qa5 10. O-O Ba6 11. Re1 Nbd7 12. Qe2 Bxc4 13. Nxc4 Qc7 14. Rad1 Ng4
15. Bxg7 Kxg7 16. Nfd2 Nge5 17. f4 Nxc4 18. Nxc4 f6 19. e5 fxe5 20. fxe5 Nxe5
21. Nxe5 dxe5 22. Qxe5+ Qxe5 23. Rxe5 Rf7 24. Rc1 Rc8 25. h3 Kf8 26. Rc4 a5 27.
g4 Rf3 28. Kg2 Rd3 29. Rf4+ Ke8 30. Kf2 Rd8 31. Rfe4 Rd7 32. d6 R3xd6 33. Rxc5
Rd2+ 34. Re2 R7d5 1/2-1/2

[Event "SC SSV Taufers-SC SSV Bruneck"]
[Site "?"]
[Date "2012.11.17"]
[Round "3.2"]
[White "Holzer, Phillipp"]
[Black "Balzarini, Franco"]
[Result "1-0"]
[WhiteElo "1759"]
[BlackElo "1775"]
[PlyCount "76"]
[EventDate "2012.??.??"]

1. e4 c5 2. d4 cxd4 3. c3 d3 4. Nf3 Nc6 5. Bxd3 d6 6. Bf4 Nf6 7. Bc2 e5 8. Be3
Be7 9. h3 O-O 10. O-O b6 11. Re1 Bb7 12. Bg5 Rc8 13. Na3 Ne8 14. Bxe7 Nxe7 15.
Qe2 Ng6 16. g3 Qf6 17. Rad1 Nc7 18. Bb3 Rfd8 19. Qe3 h6 20. Rd2 Kh7 21. Red1
Ne7 22. Nc4 d5 23. Ncxe5 dxe4 24. Rxd8 Nf5 25. Qf4 g5 26. Ng4 gxf4 27. Nxf6+
Kg6 28. Rxc8 Bxc8 29. Nxe4 fxg3 30. Nxg3 Nxg3 31. fxg3 Bxh3 32. Ne5+ Kf6 33.
Nxf7 h5 34. Nd6 a6 35. Kf2 b5 36. Re1 a5 37. Ne8+ Nxe8 38. Rxe8 a4 1-0

[Event "SC SSV Taufers-SC SSV Bruneck"]
[Site "?"]
[Date "2012.11.17"]
[Round "3.3"]
[White "Lang, Guenther"]
[Black "Forer, Erich"]
[Result "0-1"]
[WhiteElo "1649"]
[BlackElo "1733"]
[PlyCount "64"]
[EventDate "2012.??.??"]

1. f4 Nf6 2. Nf3 g6 3. g3 Bg7 4. Bg2 c6 5. d3 Qb6 6. d4 Na6 7. e3 d6 8. O-O Bf5
9. c3 Rd8 10. Qe2 O-O 11. h3 Bxb1 12. Rxb1 Ne4 13. Kh2 Nxc3 14. bxc3 Qxb1 15.
e4 Nc7 16. f5 Qb6 17. fxg6 fxg6 18. Bg5 Rde8 19. Be3 Qa6 20. Qc2 Qc4 21. Nd2
Qe2 22. Rxf8+ Rxf8 23. Bg1 Kh8 24. Qc1 Bh6 25. Qb2 b5 26. Qa3 Ra8 27. Nf3 a5
28. e5 b4 29. Qb3 d5 30. cxb4 axb4 31. Qxb4 Rxa2 32. Nh4 Bg5 0-1

[Event "SC SSV Taufers-SC SSV Bruneck"]
[Site "?"]
[Date "2012.11.17"]
[Round "3.4"]
[White "Haidacher, Gerold"]
[Black "Oberhammer, Othmar"]
[Result "1-0"]
[WhiteElo "1726"]
[BlackElo "1453"]
[PlyCount "95"]
[EventDate "2012.??.??"]

1. d4 b6 2. c4 Bb7 3. Nf3 e6 4. a3 d6 5. g3 Nf6 6. Bg2 Be7 7. O-O O-O 8. Nc3
Nbd7 9. Re1 Rb8 10. e4 c6 11. b3 a6 12. Bb2 c5 13. d5 e5 14. a4 Bc8 15. Qc2 Ne8
16. h3 Ndf6 17. Nd1 h6 18. Ne3 Nh7 19. Nf5 Bf6 20. Nh2 Ng5 21. Rad1 h5 22. f4
Nh7 23. fxe5 Bxe5 24. Bxe5 dxe5 25. d6 Bd7 26. Nf3 f6 27. Qd3 Bxf5 28. exf5 Kh8
29. Nh4 g5 30. Ng6+ Kg7 31. Nxf8 Nxf8 32. d7 Nc7 33. Qf3 Kh6 34. Qc6 Kg7 35.
Bf3 Kh6 36. Rxe5 b5 37. Rxc5 Na8 38. cxb5 axb5 39. axb5 Nb6 40. Qd6 Nfxd7 41.
Rc7 Qe8 42. Kf2 Rd8 43. Bc6 Qf7 44. Qe6 Qf8 45. Bxd7 Nxd7 46. Rdxd7 Rxd7 47.
Qxd7 g4 48. Qh7+ 1-0